| 000 | 00550cam a2200205ua 4500 | ||
|---|---|---|---|
| 001 | 10390 | ||
| 008 | 181110n ii |||gr||||Z||||||hin | ||
| 020 | _a9788120824706 | ||
| 040 | _cMAIN | ||
| 041 | _ahin | ||
| 082 | _a190 | ||
| 100 |
_aMaseeh, Ya, _eAuthor. |
||
| 245 |
_aCritical history of western philosophy (H) _cBy Ya Maseeh |
||
| 250 | _a5th rev. & enl. ed. | ||
| 260 |
_aDelhi: _bMotilal Benarasidas, _c1994. |
||
| 300 | _a426p. | ||
| 653 | _aModern western philosophy | ||
| 653 | _aPachatya darshan ka samikhyatmak itihas | ||
| 942 | _cBK | ||
| 999 |
_c9379 _d9379 |
||